[Event "Pune"]
[Site "?"]
[Date "2004.??.??"]
[Round "?"]
[White "Sutovsky, E."]
[Black "Beliavsky, A."]
[Result "1/2-1/2"]
[WhiteElo "2675"]
[BlackElo "2675"]
[PlyCount "114"]
[EventDate "2004.??.??"]
[Source "Chess Informant"]
[SourceDate "2004.06.01"]

1. e4 e5 2. Nf3 Nc6 3. Bc4 Nf6 4. Ng5 d5 5. exd5 Na5 6. Bb5+ c6 7. dxc6 bxc6 8. Be2 h6 9. Nf3 e4 10. Ne5 Bd6 11. f4 exf3 12. Nxf3 O-O 13. d4 Re8 14. O-O Bg4 15. Nc3 Bc7 16. Ne5 Bxe2 17. Nxe2 Bxe5 18. dxe5 Rxe5 19. Nc3 Nc4 20. Bxh6 Qxd1 21. Raxd1 Nxb2 22. Rd4 Rc5 23. Rxf6 gxf6 24. Ne4 Rf5 25. g4 c5 26. Rd2 Re8 27. gxf5 Rxe4 28. Rg2+ Kh7 29. Bf8 Re1+ 30. Kf2 Re5 31. Kf3 Rxf5+ 32. Ke4 Re5+ 33. Kf4 Rh5 34. Be7 Nc4 35. Bxf6 Nd6 36. Be7 Rf5+ 37. Kg4 Rd5 38. Bxd6 Rxd6 39. Kf5 Ra6 40. c3 Re6 41. a4 Re3 42. Rg3 Re2 43. h4 Kh6 44. Rg4 Kh5 45. Rc4 Re6 46. a5 Ra6 47. Rxc5 Kxh4 48. c4 Kg3 49. Rc7 Rxa5+ 50. c5 Rb5 51. Ke5 a5 52. Kd6 f5 53. Rg7+ Kf3 54. c6 Rb6 55. Rb7 Ra6 56. Kd5 Ra8 57. Rb3+ Kg4 1/2-1/2

[Event "Camp. russo a squadre 2007"]
[Site "Sochi RUS"]
[Date "2007.05.05"]
[Round "4"]
[White "Georgiev, Ki"]
[Black "Harikrishna, P."]
[Result "1/2-1/2"]
[WhiteElo "2660"]
[BlackElo "2650"]
[PlyCount "37"]
[EventDate "2007.05.02"]
[Source "www.chesslib.no"]
[SourceDate "2004.05.04"]

1. e4 e5 2. Nf3 Nc6 3. Bc4 Nf6 4. Ng5 d5 5. exd5 Na5 6. Bb5+ c6 7. dxc6 bxc6 8. Be2 h6 9. Nf3 e4 10. Ne5 Bc5 11. c3 Bd6 12. d4 exd3 13. Nxd3 Qc7 14. Nd2 Bf5 15. Nf3 O-O 16. O-O Rad8 17. b4 Nc4 18. h3 Rfe8 19. Nd4 1/2-1/2

[Event "Interclubs Adultes"]
[Site "Evry FRA"]
[Date "2008.05.30"]
[Round "9.1"]
[White "Ninov, Nikolai"]
[Black "Bacrot, Etienne"]
[Result "1/2-1/2"]
[WhiteElo "2509"]
[BlackElo "2705"]
[PlyCount "156"]
[EventDate "2008.05.29"]
[Source "www.chesslib.no"]
[SourceDate "2004.05.04"]

1. e4 e5 2. Nf3 Nc6 3. Bc4 Nf6 4. Ng5 d5 5. exd5 Na5 6. Bb5+ c6 7. dxc6 bxc6 8. Be2 h6 9. Nf3 e4 10. Ne5 Bd6 11. d4 exd3 12. Nxd3 O-O 13. Nc3 Qc7 14. h3 Ba6 15. Bf4 Bxf4 16. Nxf4 Qxf4 17. Bxa6 Rfe8+ 18. Ne2 Qb4+ 19. Qd2 Qb6 20. Bd3 c5 21. b4 cxb4 22. O-O Rad8 23. Rab1 Nc6 24. a3 a5 25. axb4 Nxb4 26. Ng3 Qc5 27. Ra1 h5 28. Rfe1 Rxe1+ 29. Qxe1 g6 30. Ne4 Nxe4 31. Qxe4 Kg7 32. Qc4 Qe5 33. Rb1 Rd5 34. Qe4 Qd6 35. Bf1 Qc5 36. c3 Rf5 37. cxb4 Qxf2+ 38. Kh1 axb4 39. Bd3 Qf4 40. Qxb4 Qxb4 41. Rxb4 Rd5 42. Bc2 Rd7 43. Bb3 Kf6 44. Rf4+ Kg7 45. Kg1 Rb7 46. Bc4 Rc7 47. Kf2 Re7 48. Kf3 Kf8 49. Bd5 Kg7 50. Rb4 Rd7 51. Ke4 Re7+ 52. Kf4 Re1 53. Rb7 Rf1+ 54. Ke5 Kf8 55. Rc7 Rf5+ 56. Kd6 Rf6+ 57. Kc5 Rf1 58. g4 hxg4 59. hxg4 Kg7 60. Rb7 Rf4 61. g5 Rg4 62. Rxf7+ Kh8 63. Kd6 Rxg5 64. Be6 Rh5 65. Rf6 Kg7 66. Ke7 Rb5 67. Rf7+ Kh6 68. Rf1 Kg7 69. Rf7+ Kh6 70. Rf8 Rb2 71. Rg8 Kg5 72. Bf7 Rb6 73. Kf8 Kf5 74. Kg7 g5 75. Bh5 g4 76. Kh7 Rb7+ 77. Kh8 Rb4 78. Rg7 g3 1/2-1/2

[Event "Complete Chess Match"]
[Site "Maastricht NED"]
[Date "2008.03.05"]
[Round "3"]
[White "L'Ami, E."]
[Black "Stellwagen, D."]
[Result "1/2-1/2"]
[WhiteElo "2581"]
[BlackElo "2625"]
[PlyCount "105"]
[EventDate "2008.03.03"]
[Source "www.chesslib.no"]
[SourceDate "2004.05.04"]

1. e4 e5 2. Nf3 Nc6 3. Bc4 Nf6 4. Ng5 d5 5. exd5 Na5 6. Bb5+ c6 7. dxc6 bxc6 8. Be2 h6 9. Nf3 e4 10. Ne5 Bc5 11. c3 Bd6 12. d4 exd3 13. Nxd3 O-O 14. O-O Re8 15. b4 Nc4 16. Nc5 Ne5 17. Nd2 Nd5 18. Nce4 Bc7 19. Re1 Bf5 20. g3 a5 21. bxa5 Bxa5 22. Bb2 Rb8 23. Qc1 Nf6 24. Nxf6+ Qxf6 25. Nb3 Bd3 26. Qf4 Qxf4 27. gxf4 Bxe2 28. Rxe2 Nf3+ 29. Kf1 Nxh2+ 30. Ke1 Nf3+ 31. Kf1 Nh2+ 32. Ke1 Bc7 33. Bc1 h5 34. Nd4 c5 35. Nc6 Rxe2+ 36. Kxe2 Re8+ 37. Be3 Bxf4 38. a4 Ng4 39. a5 Nxe3 40. fxe3 Rxe3+ 41. Kf1 Re6 42. a6 Rxc6 43. a7 Rc8 44. a8=Q Rxa8 45. Rxa8+ Kh7 46. Rc8 g5 47. Rxc5 h4 48. c4 h3 49. Rb5 Kg6 50. c5 f5 51. Rb6+ Kf7 52. Rb7+ Ke6 53. c6 1/2-1/2

[Event "RUS"]
[Site "?"]
[Date "2006.04.24"]
[Round "5"]
[White "Yakovich Yuri"]
[Black "Tomashevsky Evgeny"]
[Result "1/2-1/2"]
[WhiteElo "2570"]
[BlackElo "2595"]
[PlyCount "55"]
[EventDate "2006.??.??"]
[Source "www.chesslib.no"]
[SourceDate "2004.05.04"]

1. e4 e5 2. Nf3 Nc6 3. Bc4 Nf6 4. Ng5 d5 5. exd5 Na5 6. Bb5+ c6 7. dxc6 bxc6 8. Be2 h6 9. Nf3 e4 10. Ne5 Bd6 11. d4 exd3 12. Nxd3 Qc7 13. b3 O-O 14. Bb2 Ne4 15. Nc3 f5 16. h3 Ba6 17. O-O Rad8 18. Qe1 Rfe8 19. Nxe4 Rxe4 20. Qd1 c5 21. Bf3 c4 22. Bxe4 fxe4 23. Ne5 Ba3 24. Qg4 Bxb2 25. Qe6+ Kh7 26. Qf5+ Kg8 27. Qe6+ Kh7 28. Qg6+ 1/2-1/2

[Event "World Cup"]
[Site "Khanty-Mansiysk RUS"]
[Date "2007.11.28"]
[Round "2.2"]
[White "Hossain, Enam"]
[Black "Tomashevsky, E."]
[Result "1/2-1/2"]
[WhiteElo "2514"]
[BlackElo "2646"]
[PlyCount "78"]
[EventDate "2007.11.24"]
[Source "www.chesslib.no"]
[SourceDate "2004.05.04"]

1. e4 e5 2. Nf3 Nc6 3. Bc4 Nf6 4. Ng5 d5 5. exd5 Na5 6. Bb5+ c6 7. dxc6 bxc6 8. Be2 h6 9. Nf3 e4 10. Ne5 Bc5 11. c3 Bd6 12. d4 exd3 13. Nxd3 Qc7 14. Nd2 Bf5 15. b4 Nb7 16. Nf3 O-O 17. Be3 Rad8 18. Bd4 c5 19. bxc5 Nxc5 20. Nxc5 Bxc5 21. O-O Nd5 22. Be5 Qe7 23. Qb3 Nf4 24. Bxf4 Qxe2 25. Rae1 Qa6 26. Be3 Be6 27. Qc2 Rc8 28. Ne5 Bxe3 29. Rxe3 Qxa2 30. Qe4 Qa3 31. c4 Qc5 32. Qf4 Rcd8 33. Rg3 Kh8 34. Rf3 Kg8 35. h3 f6 36. Ng4 Qg5 37. Qe4 Bxg4 38. hxg4 Rfe8 39. Qf5 Qxf5 1/2-1/2

[Event "5th Open"]
[Site "Dubai"]
[Date "2003.04.22"]
[Round "3"]
[White "Jobava, Baadur"]
[Black "Kuzmin, Alexey"]
[Result "1-0"]
[WhiteElo "2566"]
[BlackElo "2576"]
[PlyCount "61"]
[EventDate "2003.04.21"]
[Source "Roberto Alvarez"]
[SourceDate "2003.05.05"]

1. e4 e5 2. Nf3 Nc6 3. Bc4 Nf6 4. Ng5 d5 5. exd5 Na5 6. Bb5+ c6 7. dxc6 bxc6 8. Be2 h6 9. Nf3 e4 10. Ne5 Bd6 11. d4 exd3 12. Nxd3 Qc7 13. b3 O-O 14. Bb2 Re8 15. h3 Ne4 16. O-O Qe7 17. Bg4 f5 18. Bh5 Rf8 19. Qe1 Nb7 20. Bf3 Bd7 21. Nd2 Rae8 22. Bh5 Rd8 23. Nc4 Qh4 24. Bf3 Rfe8 25. Nxd6 Nbxd6 26. Ne5 Ng5 27. Qc3 Nde4 28. Bxe4 Nxe4 29. Qe3 Nf6 30. Qxa7 f4 31. Rad1 1-0

[Event "Reggio Emilia 0001"]
[Site "Reggio Emilia"]
[Date "2001.01.07"]
[Round "9"]
[White "Bellini, Fabio"]
[Black "Romanishin, Oleg M"]
[Result "1/2-1/2"]
[WhiteElo "2484"]
[BlackElo "2591"]
[PlyCount "71"]
[EventDate "2000.12.30"]
[Source "ChessBase"]
[SourceDate "2001.03.20"]

1. e4 e5 2. Nf3 Nc6 3. Bc4 Nf6 4. Ng5 d5 5. exd5 Na5 6. Bb5+ c6 7. dxc6 bxc6 8. Be2 h6 9. Nf3 e4 10. Ne5 Bd6 11. d4 exd3 12. Nxd3 O-O 13. Bf4 Bxf4 14. Nxf4 Qc7 15. Qc1 c5 16. Nc3 Bb7 17. O-O Rad8 18. Rd1 Rxd1+ 19. Nxd1 Nc6 20. Bf3 Nd4 21. Bxb7 Qxb7 22. Nc3 Re8 23. f3 Qb8 24. Kh1 Nxc2 25. Qxc2 Qxf4 26. Qf2 Qb4 27. Rd1 Rb8 28. Rd2 Re8 29. g3 h5 30. Kg2 Qc4 31. Rc2 Qd3 32. h4 Qf5 33. Nb5 Qd3 34. Nc3 Qf5 35. Nb5 Qd3 36. Nc3 1/2-1/2

[Event "BCF Team Ch 9697"]
[Site "England"]
[Date "1997.??.??"]
[Round "6"]
[White "Chandler, Murray G"]
[Black "Hebden, Mark L"]
[Result "0-1"]
[WhiteElo "2555"]
[BlackElo "2515"]
[PlyCount "64"]
[EventDate "1996.??.??"]
[Source "www.chesslib.no"]
[SourceDate "2004.05.04"]

1. e4 e5 2. Nf3 Nc6 3. Bc4 Nf6 4. Ng5 d5 5. exd5 Na5 6. Bb5+ c6 7. dxc6 bxc6 8. Be2 h6 9. Nf3 e4 10. Ne5 Bc5 11. c3 Bd6 12. f4 O-O 13. O-O c5 14. d4 exd3 15. Qxd3 Bb7 16. Rd1 Ne4 17. Nd2 c4 18. Ndxc4 Nxc4 19. Nxc4 Qh4 20. g3 Bc5+ 21. Be3 Nxg3 22. Bxc5 Nxe2+ 23. Qxe2 Rfe8 24. Qf2 Qh5 25. Be3 Rad8 26. Rxd8 Rxd8 27. Nd2 Qd5 28. Nf3 Rd6 29. Rf1 Rg6+ 30. Kh1 Qh5 31. Bxa7 Qh3 32. Qe2 Rg3 0-1

[Event "World Cup VI Final"]
[Site "Cork World Cup VI Final"]
[Date "1994.??.??"]
[Round "?"]
[White "Normantas, Valentinas P"]
[Black "Butze, Roland"]
[Result "1-0"]
[WhiteElo "2615"]
[BlackElo "2420"]
[PlyCount "43"]
[EventDate "1994.??.??"]
[Source "www.chesslib.no"]
[SourceDate "2004.05.04"]

1. e4 e5 2. Nf3 Nc6 3. Bc4 Nf6 4. Ng5 d5 5. exd5 Na5 6. Bb5+ c6 7. dxc6 bxc6 8. Be2 h6 9. Nf3 e4 10. Ne5 Bd6 11. f4 exf3 12. Nxf3 O-O 13. O-O Re8 14. Nc3 Bg4 15. d4 Qc7 16. h3 Bh5 17. Nh4 Bxe2 18. Nxe2 Re4 19. Nf5 Rae8 20. Nc3 R4e6 21. Qd3 Nb7 22. Bd2 1-0

[Event "CADAP"]
[Site "?"]
[Date "2001.03.31"]
[Round "?"]
[White "Plomp Michiel P.(NED)"]
[Black "Macchia Antonio Jorge (URU)"]
[Result "1-0"]
[WhiteElo "2544"]
[BlackElo "2490"]
[PlyCount "55"]
[EventDate "2001.??.??"]
[Source "www.chesslib.no"]
[SourceDate "2004.05.04"]

1. e4 e5 2. Nf3 Nc6 3. Bc4 Nf6 4. Ng5 d5 5. exd5 Na5 6. Bb5+ c6 7. dxc6 bxc6 8. Be2 h6 9. Nf3 e4 10. Ne5 Bd6 11. d4 exd3 12. Nxd3 Qc7 13. b3 c5 14. Bb2 c4 15. bxc4 Nxc4 16. Bxf6 gxf6 17. O-O Bxh2+ 18. Kh1 Be6 19. Nc3 Na3 20. Bg4 Bd6 21. Qf3 O-O 22. Ne4 Nxc2 23. Rac1 Be7 24. Bxe6 fxe6 25. Nf4 f5 26. Qg3+ Bg5 27. Nxg5 hxg5 28. Qxg5+ 1-0

[Event "Budapest FS02 GM"]
[Site "Budapest"]
[Date "2000.02.16"]
[Round "12"]
[White "Nguyen Anh Dung"]
[Black "Yu Shaoteng"]
[Result "1-0"]
[WhiteElo "2496"]
[BlackElo "2535"]
[PlyCount "51"]
[EventDate "2000.02.05"]
[Source "ChessBase"]
[SourceDate "2000.05.31"]

1. e4 e5 2. Nf3 Nc6 3. Bc4 Nf6 4. Ng5 d5 5. exd5 Na5 6. Bb5+ c6 7. dxc6 bxc6 8. Be2 h6 9. Nf3 e4 10. Ne5 Bd6 11. d4 O-O 12. O-O Qc7 13. Bd2 Be6 14. Na3 Bxe5 15. dxe5 Qxe5 16. Bc3 Qg5 17. h4 Qf5 18. Qd6 Rab8 19. Rad1 Nb7 20. Qg3 Nc5 21. Nc4 Bxc4 22. Bxc4 Na4 23. Bxf6 Qxf6 24. Rd6 Qxb2 25. Rxh6 Nb6 26. Qg6 1-0

[Event "Memorial Keres A"]
[Site "Tallinn EST"]
[Date "2007.01.10"]
[Round "6"]
[White "Timoshenko, G."]
[Black "Sepp, O."]
[Result "1/2-1/2"]
[WhiteElo "2563"]
[BlackElo "2458"]
[PlyCount "33"]
[EventDate "2007.01.06"]
[Source "www.chesslib.no"]
[SourceDate "2004.05.04"]

1. e4 e5 2. Nf3 Nc6 3. Bc4 Nf6 4. Ng5 d5 5. exd5 Na5 6. Bb5+ c6 7. dxc6 bxc6 8. Be2 h6 9. Nf3 e4 10. Ne5 Bc5 11. c3 Qc7 12. b4 Qxe5 13. bxc5 O-O 14. O-O Re8 15. Kh1 Bf5 16. Na3 Qxc5 17. Nc2 1/2-1/2

[Event "20th Open"]
[Site "Cappelle la Grande"]
[Date "2004.02.29"]
[Round "2"]
[White "Socko, Bartosz"]
[Black "Klovans, Janis"]
[Result "1-0"]
[WhiteElo "2556"]
[BlackElo "2462"]
[PlyCount "101"]
[EventDate "2004.02.28"]
[Source "Roberto Alvarez"]
[SourceDate "2004.03.08"]

1. e4 e5 2. Nf3 Nc6 3. Bc4 Nf6 4. Ng5 d5 5. exd5 Na5 6. Bb5+ c6 7. dxc6 bxc6 8. Be2 h6 9. Nf3 e4 10. Ne5 Bd6 11. d4 exd3 12. Nxd3 Qc7 13. b3 O-O 14. Bb2 Ne4 15. Nc3 Bf5 16. h3 Rad8 17. O-O c5 18. Bg4 Bh7 19. Nxe4 Bxe4 20. Qe1 f5 21. Bh5 c4 22. Nc1 Nc6 23. bxc4 Nb4 24. Bd1 Qxc4 25. Qe2 Qxe2 26. Nxe2 Bxc2 27. Nd4 Bxd1 28. Raxd1 Be5 29. a3 Na6 30. Ne6 Rxd1 31. Rxd1 Bxb2 32. Nxf8 Kxf8 33. Rd7 Nc5 34. Rxa7 Bd4 35. Kf1 Ne4 36. Ra4 Bf6 37. g4 Nd6 38. Ra7 Ke8 39. a4 Kd8 40. Ke2 Bd4 41. Ra5 Ke7 42. gxf5 Kf6 43. Kf3 Be5 44. Ra8 Kxf5 45. a5 Bd4 46. Rd8 Ke6 47. a6 Ke7 48. Rb8 Kd7 49. Rg8 Nb5 50. Ke4 Bf6 51. Rb8 1-0

[Event "St Petersburg-ch 73rd"]
[Site "St Petersburg"]
[Date "2000.04.07"]
[Round "5"]
[White "Alekseev, Evgeny"]
[Black "Yemelin, Vasily"]
[Result "0-1"]
[WhiteElo "2475"]
[BlackElo "2540"]
[PlyCount "80"]
[EventDate "2000.04.03"]
[Source "ChessBase"]
[SourceDate "2000.07.27"]

1. e4 e5 2. Nf3 Nc6 3. Bc4 Nf6 4. Ng5 d5 5. exd5 Na5 6. Bb5+ c6 7. dxc6 bxc6 8. Be2 h6 9. Nf3 e4 10. Ne5 Bc5 11. c3 Qc7 12. f4 Nb7 13. b4 Bd6 14. Na3 Nd5 15. O-O Nxf4 16. Rxf4 Bxe5 17. Rxe4 O-O 18. Nc4 Bxh2+ 19. Kh1 Nd6 20. Nxd6 Bxd6 21. d4 Bf5 22. Re3 Rae8 23. Bf3 Bg3 24. Bg4 Be4 25. Bd2 f5 26. Bh5 Qf4 27. Rxg3 Qxg3 28. Qg1 g6 29. Bd1 Qh3+ 30. Qh2 Bxg2+ 31. Kg1 Qxh2+ 32. Kxh2 Be4 33. Bxh6 Rf7 34. Bd2 Rh7+ 35. Kg3 Rh1 36. Rc1 Rg1+ 37. Kf2 Rg2+ 38. Kf1 Rxd2 39. c4 Bg2+ 40. Kg1 Re1+ 0-1

[Event "It (Men) Villa Martelli ARG"]
[Site "?"]
[Date "2005.08.27"]
[Round "10"]
[White "Rodriguez Andres"]
[Black "Slipak Sergio David ARG"]
[Result "1-0"]
[WhiteElo "2523"]
[BlackElo "2489"]
[PlyCount "87"]
[EventDate "2005.??.??"]
[Source "www.chesslib.no"]
[SourceDate "2004.05.04"]

1. e4 e5 2. Nf3 Nc6 3. Bc4 Nf6 4. Ng5 d5 5. exd5 Na5 6. Bb5+ c6 7. dxc6 bxc6 8. Be2 h6 9. Nf3 e4 10. Ne5 Qd4 11. f4 Bc5 12. Rf1 Qd6 13. c3 Bb6 14. Qa4 Bd7 15. b4 Nb7 16. Na3 O-O 17. Nac4 Qc7 18. Ba3 Rfe8 19. g4 c5 20. b5 Be6 21. O-O-O Nd7 22. Nxd7 Bxd7 23. Ne5 Nd6 24. Qb3 Be6 25. c4 f6 26. f5 Bxf5 27. gxf5 Rxe5 28. Qh3 Qf7 29. Bb2 Nxc4 30. Bc3 Re7 31. Rf4 Bc7 32. Rh4 Ne5 33. Kb1 Nf3 34. Qf1 Rd8 35. Bc4 Rd5 36. Rh3 Ne5 37. Bxe5 Bxe5 38. Qg2 Kf8 39. d3 Qe8 40. Bxd5 Qxb5+ 41. Bb3 exd3 42. Rxh6 Rf7 43. Rh8+ Ke7 44. Qd5 1-0

[Event "60th ch-RUS Higher League"]
[Site "Krasnoyarsk RUS"]
[Date "2007.09.05"]
[Round "3"]
[White "Popov, Val"]
[Black "Kiselev, G."]
[Result "0-1"]
[WhiteElo "2577"]
[BlackElo "2434"]
[PlyCount "54"]
[EventDate "2007.09.03"]
[Source "www.chesslib.no"]
[SourceDate "2004.05.04"]

1. e4 e5 2. Nf3 Nc6 3. Bc4 Nf6 4. Ng5 d5 5. exd5 Na5 6. Bb5+ c6 7. dxc6 bxc6 8. Be2 h6 9. Nf3 e4 10. Ne5 Bd6 11. d4 exd3 12. Nxd3 Qc7 13. b3 O-O 14. Bb2 Re8 15. h3 Qe7 16. Nc3 c5 17. Nb5 Bb8 18. Bxf6 Qxf6 19. a4 a6 20. Na3 Be5 21. Rc1 Bc3+ 22. Kf1 Bf5 23. Nb1 Bb2 24. Nxb2 Qxb2 25. Bd3 Nxb3 26. cxb3 Bxd3+ 27. Kg1 Re2 0-1

[Event "London"]
[Site "London"]
[Date "1986.??.??"]
[Round "5"]
[White "Mestel, A Jonathan"]
[Black "Flear, Glenn C"]
[Result "0-1"]
[WhiteElo "2525"]
[BlackElo "2485"]
[PlyCount "64"]
[EventDate "1986.03.??"]
[Source "ChessBase"]

1. e4 e5 2. Nf3 Nc6 3. Bc4 Nf6 4. Ng5 d5 5. exd5 Na5 6. Bb5+ c6 7. dxc6 bxc6 8. Be2 h6 9. Nf3 e4 10. Ne5 Bd6 11. d4 exd3 12. Nxd3 Qc7 13. b3 O-O 14. Bb2 Bf5 15. Nd2 Rad8 16. h3 c5 17. O-O c4 18. Nxc4 Nxc4 19. bxc4 Qxc4 20. Bxf6 gxf6 21. Bg4 Bh7 22. Re1 Bc5 23. Qc1 Bd4 24. Rb1 Qxa2 25. Nb4 Qc4 26. Qxh6 a5 27. Rb3 Rfe8 28. Reb1 Qc5 29. Nd3 Qxc2 30. Bd1 Re1+ 31. Kh2 Rxd1 32. Rb8 Qc7+ 0-1

[Event "otb"]
[Site "otb"]
[Date "2007.05.06"]
[Round "5"]
[White "Pokazanjev Nikolai"]
[Black "Yemelin Vasily"]
[Result "0-1"]
[WhiteElo "2444"]
[BlackElo "2564"]
[PlyCount "56"]
[Source "www.chesslib.no"]
[SourceDate "2004.05.04"]

1. e4 e5 2. Nf3 Nc6 3. Bc4 Nf6 4. Ng5 d5 5. exd5 Na5 6. Bb5+ c6 7. dxc6 bxc6 8. Be2 h6 9. Nf3 e4 10. Ne5 Bc5 11. f4 O-O 12. c3 Nd5 13. d4 exd3 14. Qxd3 f6 15. b4 fxe5 16. bxc5 Rb8 17. Na3 Qe7 18. O-O Bf5 19. Qg3 Qxc5+ 20. Kh1 Nxc3 21. Bc4+ Nxc4 22. Qxc3 Be6 23. Re1 Rf5 24. Nxc4 Qxc4 25. Bb2 Qxf4 26. Qxc6 Rb6 27. Qc3 Bd5 28. Rg1 Rh5 0-1

[Event "San Diego USA"]
[Site "?"]
[Date "2006.??.??"]
[Round "4"]
[White "Kriventsov Stanislav G"]
[Black "Becerra Rivero Julio"]
[Result "1/2-1/2"]
[WhiteElo "2449"]
[BlackElo "2556"]
[PlyCount "71"]
[EventDate "2006.??.??"]
[Source "www.chesslib.no"]
[SourceDate "2004.05.04"]

1. e4 e5 2. Nf3 Nc6 3. Bc4 Nf6 4. Ng5 d5 5. exd5 Na5 6. Bb5+ c6 7. dxc6 bxc6 8. Be2 h6 9. Nf3 e4 10. Ne5 Qd4 11. f4 Bc5 12. Rf1 Qd8 13. c3 Bb6 14. b4 Nb7 15. Nxc6 Qc7 16. Ne5 O-O 17. Na3 Nd6 18. Nac4 Be6 19. Nxd6 Qxd6 20. a4 Rfd8 21. a5 Bc7 22. d4 exd3 23. Qxd3 Bd5 24. Kf2 Qe6 25. Qh3 Ne4+ 26. Kg1 Qxh3 27. gxh3 Nxc3 28. Bf3 Bd6 29. Bb2 Bxb4 30. Nd3 Bxf3 31. Rxf3 Nd5 32. Nxb4 Nxb4 33. Rg3 g6 34. f5 Nd3 35. Bf6 Rd6 36. Be7 1/2-1/2

[Event "Bayern-ch Bank Hofmann 4th"]
[Site "Bad Wiessee"]
[Date "2000.11.05"]
[Round "9"]
[White "Kritz, Leonid"]
[Black "Rozentalis, Eduardas"]
[Result "0-1"]
[WhiteElo "2424"]
[BlackElo "2570"]
[PlyCount "62"]
[EventDate "2000.10.28"]
[Source "www.chesslib.no"]
[SourceDate "2004.05.04"]

1. e4 e5 2. Nf3 Nc6 3. Bc4 Nf6 4. Ng5 d5 5. exd5 Na5 6. Bb5+ c6 7. dxc6 bxc6 8. Be2 h6 9. Nf3 e4 10. Ne5 Qd4 11. Ng4 Bxg4 12. Bxg4 Bd6 13. Be2 O-O 14. d3 exd3 15. Qxd3 Qe5 16. f4 Qe7 17. O-O Rfe8 18. Nc3 Bb4 19. Qf3 Bxc3 20. Qxc3 Qxe2 21. Qxa5 Rad8 22. Qa3 Rd1 23. Qf3 Rxf1+ 24. Qxf1 Qxc2 25. h3 Nh5 26. Kh2 Re2 27. Qf3 Rf2 28. Qg4 Nf6 29. Qg3 Rf1 30. Qc3 Qd1 31. Qe3 Nh5 0-1

[Event "Vantaa op2"]
[Site "Vantaa"]
[Date "1994.??.??"]
[Round "5"]
[White "Gdanski, Jacek"]
[Black "Sepp, Olav"]
[Result "1/2-1/2"]
[WhiteElo "2505"]
[BlackElo "2485"]
[PlyCount "40"]
[EventDate "1994.??.??"]
[Source "www.chesslib.no"]
[SourceDate "2004.05.04"]

1. e4 e5 2. Nf3 Nc6 3. Bc4 Nf6 4. Ng5 d5 5. exd5 Na5 6. Bb5+ c6 7. dxc6 bxc6 8. Be2 h6 9. Nf3 e4 10. Ne5 Bc5 11. c3 Bd6 12. d4 exd3 13. Nxd3 Qc7 14. Nd2 Bf5 15. b4 Nb7 16. Nc4 Rd8 17. Be3 O-O 18. Bd4 Rfe8 19. Ne3 Be4 20. h3 Nh7 1/2-1/2

[Event "Corr"]
[Site "?"]
[Date "2000.09.25"]
[Round "?"]
[White "De Coninck Georges (BEL)"]
[Black "Busemann Dr.Stephan (GER)"]
[Result "0-1"]
[WhiteElo "2390"]
[BlackElo "2594"]
[PlyCount "82"]
[EventDate "2000.??.??"]
[Source "www.chesslib.no"]
[SourceDate "2004.05.04"]

1. e4 e5 2. Nf3 Nc6 3. Bc4 Nf6 4. Ng5 d5 5. exd5 Na5 6. Bb5+ c6 7. dxc6 bxc6 8. Be2 h6 9. Nf3 e4 10. Ne5 Bd6 11. d4 exd3 12. Nxd3 Qc7 13. b3 O-O 14. Bb2 Re8 15. h3 Bf5 16. O-O Rad8 17. Bxf6 gxf6 18. Nd2 c5 19. Bg4 Bg6 20. Re1 c4 21. Rxe8+ Rxe8 22. bxc4 Nxc4 23. Nxc4 Qxc4 24. Qd2 Kg7 25. Bf3 Bc7 26. a3 Qd4 27. Re1 Rxe1+ 28. Qxe1 a5 29. Qc1 Bd6 30. Be2 Qc3 31. a4 Qc4 32. Kf1 Qxa4 33. c4 Qb3 34. c5 Bxd3 35. cxd6 Bxe2+ 36. Kxe2 Qb5+ 37. Kd2 Qd5+ 38. Ke2 Qxd6 39. Qc4 Qe6+ 40. Kd3 Qxc4+ 41. Kxc4 Kg6 0-1

[Event "WchT U26"]
[Site "Roque Saenz Pena"]
[Date "1997.??.??"]
[Round "5"]
[White "Kazhgaleyev, Murtas"]
[Black "Valerga, Diego"]
[Result "1-0"]
[WhiteElo "2500"]
[BlackElo "2480"]
[PlyCount "101"]
[EventDate "1997.??.??"]
[Source "www.chesslib.no"]
[SourceDate "2004.05.04"]

1. e4 e5 2. Nf3 Nc6 3. Bc4 Nf6 4. Ng5 d5 5. exd5 Na5 6. Bb5+ c6 7. dxc6 bxc6 8. Be2 h6 9. Nf3 e4 10. Ne5 Bd6 11. f4 O-O 12. Nc3 c5 13. d3 Bb7 14. Nxe4 Nxe4 15. dxe4 Bxe4 16. O-O Qc7 17. Bd3 Bxd3 18. Qxd3 Bxe5 19. fxe5 Qxe5 20. Bd2 Rad8 21. Qc3 Qxc3 22. Bxc3 Nb7 23. Rae1 Rfe8 24. Rxe8+ Rxe8 25. Rd1 Re7 26. Kf2 f6 27. Kf3 Kf7 28. Be1 h5 29. h4 Ke6 30. Bg3 Rd7 31. Rxd7 Kxd7 32. Ke4 Ke6 33. a3 a6 34. Kd3 Kd5 35. c4+ Kc6 36. b4 cxb4 37. axb4 Kd7 38. Kd4 Ke6 39. Bf4 g6 40. g3 f5 41. b5 axb5 42. cxb5 Na5 43. b6 Nb7 44. Kc4 Nd8 45. Kc5 Kd7 46. Kd5 Nb7 47. Ke5 Ke7 48. Bg5+ Kf7 49. Kd5 Na5 50. Kd6 Nc4+ 51. Kc7 1-0

[Event "Reykjavik"]
[Site "Reykjavik ISL"]
[Date "1976.??.??"]
[Round "10"]
[White "Vukcevich, Milan R"]
[Black "Westerinen, Heikki M J"]
[Result "1/2-1/2"]
[WhiteElo "2490"]
[BlackElo "2485"]
[PlyCount "199"]
[EventDate "1976.09.??"]
[Source "www.chesslib.no"]
[SourceDate "2004.05.04"]

1. e4 e5 2. Nf3 Nc6 3. Bc4 Nf6 4. Ng5 d5 5. exd5 Na5 6. Bb5+ c6 7. dxc6 bxc6 8. Be2 h6 9. Nf3 e4 10. Ne5 Bd6 11. f4 O-O 12. Nc3 Nd5 13. Nxd5 cxd5 14. d4 f6 15. Ng6 Re8 16. O-O Qc7 17. h3 Bf5 18. Nh4 Bh7 19. Be3 Rab8 20. b3 Qc3 21. Qd2 Bb4 22. Qxc3 Bxc3 23. Rad1 Nc6 24. a3 Bb2 25. f5 Bxa3 26. Ra1 Bb2 27. Ra4 Rb4 28. Rd1 Reb8 29. c4 Rxb3 30. Kf2 Rxe3 31. Kxe3 Bxd4+ 32. Rxd4 Rb3+ 33. Rd3 exd3 34. Bf3 d4+ 35. Kd2 Nb4 36. Bd5+ Kf8 37. Rxa7 Rb2+ 38. Kd1 Na2 39. Ra8+ Ke7 40. Ra7+ Kd8 41. Ra8+ Kc7 42. Ra7+ Kd6 43. Ra6+ Ke5 44. Re6+ Kf4 45. Re4+ Kg3 46. Rg4+ Kf2 47. Rf4+ Kg1 48. Nf3+ Kxg2 49. Nd2+ Kxh3 50. Be6 Rc2 51. Ke1 Nb4 52. Rxd4 Kg3 53. Kd1 Ra2 54. Nb3 Rf2 55. c5 Rf4 56. Rd7 Bxf5 57. Rxg7+ Rg4 58. Re7 Re4 59. Rg7+ Kf4 60. Bxf5 Kxf5 61. Kd2 Rc4 62. Ke3 Ke6 63. Rb7 h5 64. Rb6+ Kf5 65. Rb5 Kg6 66. Na5 Rg4 67. c6 Rg3+ 68. Kd2 Rg2+ 69. Kd1 Rg1+ 70. Kd2 Rg2+ 71. Kd1 Nxc6 72. Nxc6 h4 73. Ne7+ Kf7 74. Nd5 Rf2 75. Rb7+ Ke6 76. Ne3 h3 77. Rb6+ Kf7 78. Ng4 Rf4 79. Nh2 Rf2 80. Ng4 Rf4 81. Nh2 Kg6 82. Rb2 Kf5 83. Ke1 Ke4 84. Rb4+ Ke3 85. Nf1+ Kf3 86. Nd2+ Kg3 87. Rxf4 Kxf4 88. Kf1 h2 89. Kg2 Ke3 90. Nc4+ Kd4 91. Nb2 Kc3 92. Nd1+ Kd2 93. Nb2 Kc2 94. Nc4 Kc3 95. Ne3 Kd2 96. Nc4+ Ke2 97. Kxh2 Kf2 98. Nb2 d2 99. Nd1+ Ke1 100. Nb2 1/2-1/2

[Event "FRA-ch"]
[Site "Narbonne"]
[Date "1997.08.30"]
[Round "15"]
[White "Bauer, Christian"]
[Black "Anic, Darko"]
[Result "0-1"]
[WhiteElo "2525"]
[BlackElo "2445"]
[PlyCount "72"]
[EventDate "1997.08.15"]
[Source "ChessBase"]
[SourceDate "1997.11.23"]

1. e4 e5 2. Nf3 Nc6 3. Bc4 Nf6 4. Ng5 d5 5. exd5 Na5 6. Bb5+ c6 7. dxc6 bxc6 8. Be2 h6 9. Nf3 e4 10. Ne5 Bd6 11. d4 exd3 12. Nxd3 Qc7 13. h3 O-O 14. O-O c5 15. Nc3 Rb8 16. a3 Rd8 17. Qe1 Re8 18. Qd2 Nc4 19. Qd1 Bf5 20. b3 Na5 21. a4 a6 22. Ba3 Rbd8 23. Qc1 Bxd3 24. Bxd3 Be5 25. Bb2 c4 26. bxc4 Nxc4 27. Bxc4 Qxc4 28. Ra3 Bf4 29. Qb1 Bd6 30. Rb3 Qf4 31. g3 Qf5 32. Kg2 Bxg3 33. Ne2 Rxe2 34. Rxg3 Nh5 35. Rg4 Rdd2 36. Bd4 Qd5+ 0-1